Fundamentals of machines for those preparing for war service /

Bibliographic Details
Main Author: Hobbs, Glenn M. (Glenn Moody), 1870-
Other Authors: Morrison, Lacey Harvey, 1881-1941, Kuns, Ray F. (Ray Forest), 1887-
Format: Book
Language:English
Published: Chicago : American Technical Society, 1943.
Series:American Technical Society, Chicago. Preinduction training series
Subjects:

MARC

Tag First Indicator Second Indicator Subfields
LEADER 00000cam a2200000 4500
001 in00000692001
005 20151016051604.0
008 790615s1943 ilua 00010 eng
010 |a  43004537  
035 |a (OCoLC)05070964 
035 |9 ADB2320AM 
040 |a DLC  |c CLE  |d OCL  |d TXA  |d UtOrBLW 
049 |a TXAM  |c 1 [379826]  |c 2 [484675] 
050 0 0 |a TJ146  |b .H6 
082 0 |a 531 
100 1 |a Hobbs, Glenn M.  |q (Glenn Moody),  |d 1870- 
245 1 0 |a Fundamentals of machines for those preparing for war service /  |c [by] Glenn M. Hobbs ... L. H. Morrison ... Ray F. Kuns ... and a staff of technical experts. 
264 1 |a Chicago :  |b American Technical Society,  |c 1943. 
300 |a 294 pages including frontispiece, illustrations, diagrams ;  |c 22 cm. 
336 |a text  |b txt  |2 rdacontent 
337 |a unmediated  |b n  |2 rdamedia 
338 |a volume  |b nc  |2 rdacarrier 
490 0 |a American Technical Society, Chicago. Preinduction training series 
650 0 |a Physics. 
650 0 |a Internal combustion engines. 
700 1 |a Morrison, Lacey Harvey,  |d 1881-1941. 
700 1 |a Kuns, Ray F.  |q (Ray Forest),  |d 1887- 
999 |a MARS 
999 f f |s 4e4ed2ae-b685-3c85-87e4-a80f0a897d68  |i 7be04acc-be47-3c77-ab4d-c44a954ddc59  |t 0 
952 f f |p normal  |a Texas A&M University  |b College Station  |c Sterling C. Evans Library  |d Evans: Library Stacks  |t 0  |e TJ146 .H6  |h Library of Congress classification  |i unmediated -- volume  |m A14805421224 
998 f f |a TJ146 .H6  |t 0  |l Evans: Library Stacks